[Event "SV Castrop-Rauxel 1 - Bahn-SC Wuppertal"]
[Site "NRW-Klasse, Gruppe 2 2014/201"]
[Date "2015.03.22"]
[Round "8.5"]
[White "Werbeck, Torsten"]
[Black "Werrn, Pascal"]
[Result "0-1"]
[WhiteElo "2063"]
[BlackElo "2019"]
[PlyCount "120"]
[EventDate "2015.??.??"]
[WhiteTeam "Bahn-SC Wuppertal 1"]
[BlackTeam "SV Castrop-Rauxel 1"]

1. d4 Nf6 2. Nf3 e6 3. c4 c5 4. d5 exd5 5. cxd5 d6 6. Nc3 g6 7. e4 Bg7 8. Bd3
O-O 9. O-O Bg4 10. h3 Bxf3 11. Qxf3 Nbd7 12. Qd1 a6 13. a4 Re8 14. Re1 Qc7 15.
Qc2 Rac8 16. Bf1 c4 17. Be3 Nc5 18. Bxc5 Qxc5 19. a5 Nd7 20. Ra4 Ne5 21. Nd1
Qd4 22. Ra3 f5 23. Kh1 Nd3 24. Bxd3 cxd3 25. Qxd3 Qxd3 26. Rxd3 Rxe4 27. Ree3
Rc1 28. Kh2 Rxe3 29. Nxe3 Bxb2 30. Rb3 Be5+ 31. g3 Rc7 32. Kg2 Kf7 33. Kf3 Ke7
34. g4 f4 35. Nd1 Kf6 36. h4 h6 37. Ke2 Bd4 38. Kd3 Ke5 39. Rb4 Rc1 40. Kd2 Ra1
41. Rxb7 Ke4 42. Rb3 Rxa5 43. f3+ Kxd5 44. Kd3 Ra1 45. Nc3+ Bxc3 46. Rxc3 Re1
47. Kd2 Re3 48. Rc1 Rxf3 49. Ra1 Rg3 50. g5 hxg5 51. hxg5 Ke5 52. Ra5+ d5 53.
Rxa6 Rxg5 54. Ke2 Rg3 55. Ra8 g5 56. Kf2 g4 57. Rg8 Ke4 58. Re8+ Kd3 59. Rf8
Rf3+ 60. Kg2 d4 0-1

[Event "SV Castrop-Rauxel 1 - Bahn-SC Wuppertal"]
[Site "NRW-Klasse, Gruppe 2 2014/201"]
[Date "2015.03.22"]
[Round "8.6"]
[White "Mueller, Frank"]
[Black "Bogorad, Michail"]
[Result "1-0"]
[WhiteElo "2030"]
[BlackElo "1964"]
[PlyCount "71"]
[EventDate "2015.??.??"]
[WhiteTeam "SV Castrop-Rauxel 1"]
[BlackTeam "Bahn-SC Wuppertal 1"]

1. e4 c5 2. Nc3 Nc6 3. g3 g6 4. Bg2 Bg7 5. d3 d6 6. Be3 Bd7 7. Qd2 Rb8 8. f4 b5
9. Nf3 b4 10. Nd1 Nf6 11. h3 h5 12. O-O Qc8 13. Kh2 a5 14. Rb1 a4 15. Nh4 Be6
16. b3 Nd4 17. Nb2 a3 18. Nc4 Nb5 19. e5 dxe5 20. Nxe5 Nd5 21. Bg1 Nd4 22. Rbe1
Rb6 23. Bxd4 cxd4 24. f5 gxf5 25. Nxf5 Bxf5 26. Bxd5 O-O 27. Nc4 Rg6 28. Rxe7
Bxh3 29. Rfxf7 Rxf7 30. Bxf7+ Kh7 31. Bxg6+ Kxg6 32. Qf4 Be6 33. Rc7 Qf8 34.
Ne5+ Bxe5 35. Qxf8 Bxc7 36. Qe7 1-0

[Event "SV Castrop-Rauxel 1 - Bahn-SC Wuppertal"]
[Site "NRW-Klasse, Gruppe 2 2014/201"]
[Date "2015.03.22"]
[Round "8.7"]
[White "Peters, Ortwin"]
[Black "Kock, Wolfgang"]
[Result "0-1"]
[WhiteElo "1952"]
[BlackElo "1973"]
[PlyCount "66"]
[EventDate "2015.??.??"]
[WhiteTeam "Bahn-SC Wuppertal 1"]
[BlackTeam "SV Castrop-Rauxel 1"]

1. c4 Nf6 2. Nc3 g6 3. Nf3 Bg7 4. g3 b6 5. Bg2 Bb7 6. O-O O-O 7. d4 Ne4 8. Qc2
Nxc3 9. Qxc3 c5 10. Qd3 cxd4 11. Nxd4 Bxg2 12. Kxg2 Nc6 13. Be3 Rc8 14. Nxc6
Rxc6 15. Rab1 Qc8 16. b3 Rd6 17. Qe4 Re6 18. Qd5 Re5 19. Qf3 d6 20. Bd4 Rh5 21.
g4 Rg5 22. Bxg7 Rxg4+ 23. Kh1 Kxg7 24. Rbd1 Rg5 25. Rd4 Rf5 26. Qg2 Qe6 27. e3
Rh5 28. Rfd1 Rc8 29. Rd5 Rxd5 30. Rxd5 Qf6 31. Qe4 Qxf2 32. Rd1 Rc5 33. b4 Re5
0-1

[Event "SV Castrop-Rauxel 1 - Bahn-SC Wuppertal"]
[Site "NRW-Klasse, Gruppe 2 2014/201"]
[Date "2015.03.22"]
[Round "8.8"]
[White "Rohovoy, Dmitrij"]
[Black "Heynen, Martin"]
[Result "0-1"]
[WhiteElo "1915"]
[BlackElo "1930"]
[PlyCount "118"]
[EventDate "2015.??.??"]
[WhiteTeam "SV Castrop-Rauxel 1"]
[BlackTeam "Bahn-SC Wuppertal 1"]

1. d4 Nf6 2. c4 e6 3. Nc3 Bb4 4. Nf3 c5 5. e3 O-O 6. Qc2 Nc6 7. Bd3 cxd4 8.
exd4 d5 9. a3 dxc4 10. Bxc4 Nxd4 11. Nxd4 Qxd4 12. Bd3 Qe5+ 13. Be2 Bxc3+ 14.
bxc3 Bd7 15. Bb2 Bc6 16. O-O Qg5 17. f3 Qc5+ 18. Kh1 Nd5 19. c4 f6 20. Qe4 Nc7
21. Qh4 Qe7 22. Bd3 g6 23. Rae1 Rad8 24. Bb1 Qf7 25. Rf2 e5 26. Rfe2 Ne6 27.
Ba2 Nf4 28. Rc2 Nd3 29. Rb1 Nxb2 30. Rcxb2 Rd4 31. Qf2 Qd7 32. Re1 Rd8 33. Rbe2
Rd2 34. h3 Rxe2 35. Rxe2 Qd4 36. Kh2 Qxf2 37. Rxf2 Kf8 38. Re2 Rd4 39. Kg3 Ke7
40. Rc2 Rd3 41. c5 e4 42. Re2 Kd7 43. Bb1 Rxa3 44. Bxe4 Bxe4 45. Rxe4 Rc3 46.
Rh4 Rxc5 47. Rxh7+ Kc6 48. Rg7 a5 49. Kf2 a4 50. Rxg6 a3 51. Rxf6+ Kb5 52. Re6
Ka4 53. Re1 b5 54. f4 b4 55. Ke3 a2 56. Kd4 Rc2 57. f5 b3 58. f6 b2 59. f7 Rf2
0-1

[Event "DJK Aufwärts Aachen 2 - SV Castrop-Raux"]
[Site "NRW-Klasse, Gruppe 2 2014/201"]
[Date "2015.04.26"]
[Round "9.2"]
[White "Buscher, Michael"]
[Black "Kartsev, Alexandr"]
[Result "1-0"]
[WhiteElo "2372"]
[BlackElo "2150"]
[Annotator "Hausrath,Daniel"]
[PlyCount "85"]
[EventDate "2015.??.??"]
[WhiteTeam "DJK Aufwärts Aachen 2"]
[BlackTeam "SV Castrop-Rauxel 1"]

1. f4 d5 2. Nf3 Nf6 3. b3 g6 4. Bb2 Bg7 5. e3 Bg4 6. Be2 Nbd7 7. O-O O-O 8. h3
Bxf3 9. Bxf3 c6 10. c4 Qc7 11. d4 e6 12. Nc3 Rac8 13. Qd3 Rfd8 14. Rfc1 Qb8 15.
Ba3 Bf8 $11 16. Bxf8 Nxf8 17. c5 N6d7 18. b4 f6 19. Qd2 e5 20. fxe5 fxe5 21.
Rf1 Nf6 22. Qf2 e4 23. Be2 N8d7 24. Qh4 Rf8 25. g4 Kg7 26. g5 Ng8 27. Bg4 Qc7
28. Ne2 Rxf1+ 29. Rxf1 Re8 30. Nf4 Nf8 31. Qg3 Qe7 32. h4 h6 33. gxh6+ Nxh6 34.
Bh3 Kh7 35. Rf2 Qg7 36. Rg2 Nf7 37. Bf5 Nh6 38. Bh3 Re7 39. h5 gxh5 40. Qh4 Qf7
41. Nxh5 Ng6 42. Qg5 b6 43. Rf2 1-0

[Event "DJK Aufwärts Aachen 2 - SV Castrop-Raux"]
[Site "NRW-Klasse, Gruppe 2 2014/201"]
[Date "2015.04.26"]
[Round "9.3"]
[White "Boehnke, Martin"]
[Black "Marcziter, Dmitrii"]
[Result "1/2-1/2"]
[WhiteElo "2097"]
[BlackElo "2221"]
[PlyCount "56"]
[EventDate "2015.??.??"]
[WhiteTeam "SV Castrop-Rauxel 1"]
[BlackTeam "DJK Aufwärts Aachen 2"]

1. d4 d5 2. c4 e6 3. Nc3 c5 4. cxd5 exd5 5. Nf3 Nc6 6. g3 Nf6 7. Bg2 Be7 8. O-O
O-O 9. Bg5 cxd4 10. Nxd4 h6 11. Be3 Bg4 12. h3 Be6 13. Rc1 Qd7 14. Kh2 Ne5 15.
Bf4 Ng6 16. Be3 Ne5 17. Bf4 Nc6 18. Qa4 a6 19. Nxc6 bxc6 20. e4 Qb7 21. exd5
cxd5 22. b3 Rac8 23. Ne2 Ne4 24. Be3 Bd7 25. Qa5 Bb5 26. Rfe1 Bd3 27. Nf4 Bb5
28. Red1 Bc6 1/2-1/2

[Event "DJK Aufwärts Aachen 2 - SV Castrop-Raux"]
[Site "NRW-Klasse, Gruppe 2 2014/201"]
[Date "2015.04.26"]
[Round "9.4"]
[White "Van Dooren, Dirk"]
[Black "Werrn, Pascal"]
[Result "1-0"]
[WhiteElo "2196"]
[BlackElo "2019"]
[PlyCount "49"]
[EventDate "2015.??.??"]
[WhiteTeam "DJK Aufwärts Aachen 2"]
[BlackTeam "SV Castrop-Rauxel 1"]

1. e4 c5 2. Nf3 Nc6 3. d4 cxd4 4. Nxd4 Nf6 5. Nc3 e5 6. Ndb5 d6 7. Bg5 a6 8.
Na3 b5 9. Bxf6 gxf6 10. Nd5 f5 11. c3 Bg7 12. Bd3 Be6 13. Qh5 O-O 14. O-O fxe4
15. Bxe4 f5 16. Nf6+ Qxf6 17. Bxc6 Rab8 18. Rfd1 b4 19. cxb4 e4 20. Rxd6 Qxb2
21. Rb1 Qxa3 22. Rxe6 Qxa2 23. Rd1 Rxb4 24. Bd5 Qa5 25. Rxa6+ 1-0

[Event "DJK Aufwärts Aachen 2 - SV Castrop-Raux"]
[Site "NRW-Klasse, Gruppe 2 2014/201"]
[Date "2015.04.26"]
[Round "9.5"]
[White "Mueller, Frank"]
[Black "Juegel, Marcel"]
[Result "0-1"]
[WhiteElo "2038"]
[BlackElo "2162"]
[PlyCount "68"]
[EventDate "2015.??.??"]
[WhiteTeam "SV Castrop-Rauxel 1"]
[BlackTeam "DJK Aufwärts Aachen 2"]

1. e4 e6 2. d4 b6 3. Bd3 Bb7 4. Nf3 c5 5. c3 Nf6 6. Qe2 Be7 7. Nbd2 d5 8. e5
Nfd7 9. O-O Nc6 10. a3 g5 11. b4 c4 12. Bb1 Qc7 13. a4 O-O-O 14. Ba3 g4 15. Ne1
Ndxe5 16. dxe5 Nxe5 17. f4 gxf3 18. Nexf3 Ng4 19. h3 h5 20. hxg4 hxg4 21. Ne5
f6 22. Nxg4 Kb8 23. Nf3 Rdg8 24. Nd4 Qg3 25. Qf3 Qh4 26. Nf5 exf5 27. Bxf5 Bd6
28. Qh3 Qxh3 29. gxh3 Rxh3 30. b5 Bc7 31. Kf2 d4 32. cxd4 Rf3+ 33. Ke2 Re8+ 34.
Kd2 Bf4+ 0-1

[Event "DJK Aufwärts Aachen 2 - SV Castrop-Raux"]
[Site "NRW-Klasse, Gruppe 2 2014/201"]
[Date "2015.04.26"]
[Round "9.6"]
[White "Tochtenhagen, Wolfgang"]
[Black "Kock, Wolfgang"]
[Result "1/2-1/2"]
[WhiteElo "2088"]
[BlackElo "1972"]
[PlyCount "43"]
[EventDate "2015.??.??"]
[WhiteTeam "DJK Aufwärts Aachen 2"]
[BlackTeam "SV Castrop-Rauxel 1"]

1. e4 d5 2. exd5 Qxd5 3. Nc3 Qa5 4. d4 c6 5. Bc4 Bf5 6. Bd2 e6 7. Nf3 Nf6 8.
Qe2 Bb4 9. O-O Nbd7 10. a3 Bxc3 11. Bxc3 Qc7 12. Ne5 Nxe5 13. dxe5 Nd7 14. f4
h5 15. h3 Rh6 16. Rad1 a5 17. Kh1 Nb6 18. Bb3 Nd5 19. Bxd5 exd5 20. Rf2 Kf8 21.
b3 Kg8 22. Bb2 1/2-1/2

[Event "DJK Aufwärts Aachen 2 - SV Castrop-Raux"]
[Site "NRW-Klasse, Gruppe 2 2014/201"]
[Date "2015.04.26"]
[Round "9.7"]
[White "Rohovoy, Dmitrij"]
[Black "Hennicken, Reinhard"]
[Result "1-0"]
[WhiteElo "1905"]
[BlackElo "1976"]
[PlyCount "61"]
[EventDate "2015.??.??"]
[WhiteTeam "SV Castrop-Rauxel 1"]
[BlackTeam "DJK Aufwärts Aachen 2"]

1. d4 d5 2. c4 c6 3. Nf3 Nf6 4. Bf4 e6 5. e3 Bb4+ 6. Nbd2 O-O 7. Bd3 dxc4 8.
Bxc4 b5 9. Bb3 Ne4 10. O-O Nxd2 11. Nxd2 Bxd2 12. Qxd2 c5 13. Qe2 c4 14. Bc2
Bb7 15. Qh5 f5 16. Rad1 Qd5 17. f3 Nd7 18. Qh3 Nf6 19. Be5 Qd7 20. d5 g6 21. e4
Qf7 22. Bc3 Rad8 23. dxe6 Qxe6 24. exf5 Qe3+ 25. Kh1 Rxd1 26. Rxd1 Qe2 27. fxg6
hxg6 28. Rc1 Nh5 29. Qg4 Rxf3 30. Qxg6+ Kf8 31. Bb4+ 1-0

[Event "Bahn-SC Wuppertal 1 - SG Bochum 2"]
[Site "NRW-Klasse, Gruppe 2 2014/201"]
[Date "2015.04.26"]
[Round "9.1"]
[White "Kotainy, Jens"]
[Black "Savchenko, Vyacheslav"]
[Result "1/2-1/2"]
[WhiteElo "2335"]
[BlackElo "2351"]
[PlyCount "53"]
[EventDate "2015.??.??"]
[WhiteTeam "SG Bochum 2"]
[BlackTeam "Bahn-SC Wuppertal 1"]

1. e4 e5 2. Bc4 Nf6 3. d3 c6 4. Nf3 Be7 5. O-O d6 6. c3 O-O 7. Nbd2 Nbd7 8. Re1
a5 9. Bb3 Nc5 10. Bc2 Bg4 11. Nf1 Re8 12. h3 Bh5 13. Ng3 Bg6 14. Nh4 Bf8 15.
Nxg6 hxg6 16. d4 Ne6 17. Be3 Qc7 18. Qd2 exd4 19. cxd4 d5 20. a3 dxe4 21. Nxe4
Nd5 22. Bb3 Rad8 23. Rac1 Qb6 24. Bxd5 Rxd5 25. Nc3 Rdd8 26. d5 Qb3 27. Red1
1/2-1/2

[Event "Bahn-SC Wuppertal 1 - SG Bochum 2"]
[Site "NRW-Klasse, Gruppe 2 2014/201"]
[Date "2015.04.26"]
[Round "9.2"]
[White "Khanukov, Boris"]
[Black "Tkachuk, Konstantyn"]
[Result "0-1"]
[WhiteElo "2231"]
[BlackElo "2258"]
[Annotator "Hausrath,Daniel"]
[PlyCount "94"]
[EventDate "2015.??.??"]
[WhiteTeam "Bahn-SC Wuppertal 1"]
[BlackTeam "SG Bochum 2"]

1. d4 c5 2. e3 Nf6 3. Nf3 d5 4. c4 e6 5. Nc3 Nc6 6. Be2 dxc4 7. Bxc4 Be7 8. O-O
O-O 9. dxc5 Bxc5 10. a3 a6 11. b4 Be7 12. Bb2 b5 13. Bb3 Bb7 14. Qe2 Qb6 15.
Rac1 Rfd8 $11 16. h3 Rd7 17. Rfd1 Rad8 18. Rxd7 Rxd7 19. Ba2 Qd8 20. Bb1 Na7
21. e4 a5 22. e5 Nd5 23. Qc2 g6 24. bxa5 Qxa5 25. Ne4 Bxa3 26. Bxa3 Qxa3 27.
Qd2 Kg7 28. Nd6 Qb4 29. Qg5 Qf4 30. Be4 h6 31. Qxf4 Nxf4 32. Kh2 Bxe4 33. Nxe4
Nd3 34. Rb1 b4 35. Nf6 Rd8 36. Ne4 Nc6 37. g4 Rb8 38. Kg3 Ncxe5 39. Nfd2 f5 40.
f4 fxe4 41. fxe5 e3 42. Nf3 e2 43. Ne1 Nxe1 44. Rxe1 b3 45. Kf2 Rb5 46. Rb1
Rxe5 47. Ke1 Re3 0-1

[Event "Bahn-SC Wuppertal 1 - SG Bochum 2"]
[Site "NRW-Klasse, Gruppe 2 2014/201"]
[Date "2015.04.26"]
[Round "9.3"]
[White "Dahm, Jochen"]
[Black "Savchenko, Aleksij"]
[Result "1/2-1/2"]
[WhiteElo "2227"]
[BlackElo "2200"]
[PlyCount "93"]
[EventDate "2015.??.??"]
[WhiteTeam "SG Bochum 2"]
[BlackTeam "Bahn-SC Wuppertal 1"]

1. Nf3 d6 2. c4 e5 3. Nc3 Nc6 4. d4 exd4 5. Nxd4 Nf6 6. Bg5 Be7 7. e3 O-O 8.
Be2 Nxd4 9. Qxd4 Bf5 10. Bf3 c6 11. O-O Nd7 12. Bxe7 Qxe7 13. Rad1 Nb6 14. b3
Rad8 15. Rd2 Nc8 16. Rfd1 Rfe8 17. Ne2 Be4 18. Bxe4 Qxe4 19. Ng3 Qe5 20. e4 g6
21. Qxe5 Rxe5 22. f4 Re7 23. Kf2 Rde8 24. Kf3 Kg7 25. Rc2 h5 26. h4 Re6 27. b4
c5 28. bxc5 dxc5 29. Rd5 Rc6 30. e5 Nb6 31. Rd3 f6 32. exf6+ Rxf6 33. Ne4 Rc6
34. a4 a5 35. Rb2 Re7 36. Nxc5 Nxc4 37. Rxb7 Rxb7 38. Nxb7 Rc7 39. Rd4 Rxb7 40.
Rxc4 Rb3+ 41. Ke4 Rg3 42. Rc7+ Kh6 43. Ra7 Rxg2 44. Rxa5 Rh2 45. Ra6 Rxh4 46.
Ke5 Kg7 47. Ra7+ 1/2-1/2

[Event "Bahn-SC Wuppertal 1 - SG Bochum 2"]
[Site "NRW-Klasse, Gruppe 2 2014/201"]
[Date "2015.04.26"]
[Round "9.4"]
[White "Tueckmantel, Rene"]
[Black "Schlawin, Marlon"]
[Result "1-0"]
[WhiteElo "2124"]
[BlackElo "2248"]
[Annotator "Hausrath,Daniel"]
[PlyCount "109"]
[EventDate "2015.??.??"]
[WhiteTeam "Bahn-SC Wuppertal 1"]
[BlackTeam "SG Bochum 2"]

1. c4 e5 2. g3 Nf6 3. Bg2 d5 4. cxd5 Nxd5 5. Nc3 Nb6 6. Nf3 Nc6 7. O-O Be7 8.
a3 O-O 9. b4 Be6 10. d3 f6 11. Bb2 Qd7 12. Rc1 $11 a5 13. b5 Nd4 14. Nxd4 exd4
15. Ne4 Qxb5 16. Bxd4 Bxa3 17. Rxc7 Nd5 18. Nc3 Nxc3 19. Bxc3 Rf7 20. Rxf7 Bxf7
21. Qa1 Bf8 22. Rb1 Bb3 23. Bh3 Kf7 24. Bg2 a4 25. h4 Rc8 26. Rc1 Qd7 27. Qb2
b5 28. Bd2 Rxc1+ 29. Bxc1 b4 30. d4 Qc7 31. Be4 Qc3 32. Qb1 Qe1+ 33. Kg2 Qxe2
34. Be3 Qb5 35. Bxh7 Bd5+ 36. Kh2 Bc6 37. Qg6+ Ke7 38. Bg8 Bd5 39. Qf5 Bc4 40.
Qe4+ Kd7 41. d5 Bd6 42. Qg4+ Kd8 43. Qxg7 Bxd5 44. Qxf6+ Kc7 45. Bf4 Bxf4 46.
Qxf4+ Kc6 47. Qf6+ Kd7 48. Qf5+ Kd6 49. Qf8+ Kd7 50. Bxd5 Qxd5 51. Qxb4 Qb3 52.
Qd4+ Kc6 53. h5 Kb5 54. h6 Qf3 55. h7 1-0

[Event "Bahn-SC Wuppertal 1 - SG Bochum 2"]
[Site "NRW-Klasse, Gruppe 2 2014/201"]
[Date "2015.04.26"]
[Round "9.5"]
[White "Kitte, Sebastian"]
[Black "Werbeck, Torsten"]
[Result "1/2-1/2"]
[WhiteElo "2204"]
[BlackElo "2083"]
[Annotator "Hausrath,Daniel"]
[PlyCount "104"]
[EventDate "2015.??.??"]
[WhiteTeam "SG Bochum 2"]
[BlackTeam "Bahn-SC Wuppertal 1"]

1. d4 Nf6 2. c4 c5 3. d5 b5 4. cxb5 a6 5. f3 g6 6. e4 d6 7. a4 Bg7 8. Na3 O-O
9. Ne2 Nbd7 10. Nc3 Ne8 11. Bg5 Nc7 12. Qd2 Re8 13. Be2 axb5 14. Naxb5 Nxb5 15.
Nxb5 Nb8 16. O-O Na6 17. Bh6 Bf6 18. f4 Nc7 $11 19. Rae1 Rxa4 20. e5 dxe5 21.
Nxc7 Qxc7 22. Bb5 Bd7 23. Bxa4 Bxa4 24. fxe5 Bxe5 25. Bf4 Bxf4 26. Qxf4 Qxf4
27. Rxf4 Bb5 28. Rf3 c4 29. Kf2 Kf8 30. Ke3 Ba4 31. Kd4 Rb8 32. Rf2 Bb3 33.
Ref1 f6 34. Re1 Kf7 35. Rfe2 Rb7 36. Kc5 Rd7 37. Kc6 Ba4+ 38. Kc5 Bb3 39. Rd2
Rc7+ 40. Kb6 Rd7 41. Ra1 Rd6+ 42. Kc5 Rd7 43. Ra6 Kg7 44. Ra8 Rc7+ 45. Kd4 c3
46. bxc3 Bxd5 47. Rd8 Bf7 48. Kd3 e5 49. Kc2 Be6 50. R2d6 Bf5+ 51. Kb3 Rb7+ 52.
Kc4 Rc7+ 1/2-1/2

[Event "Bahn-SC Wuppertal 1 - SG Bochum 2"]
[Site "NRW-Klasse, Gruppe 2 2014/201"]
[Date "2015.04.26"]
[Round "9.6"]
[White "Bogorad, Michail"]
[Black "Kahleys, Kevin"]
[Result "1/2-1/2"]
[WhiteElo "1954"]
[BlackElo "2200"]
[PlyCount "49"]
[EventDate "2015.??.??"]
[WhiteTeam "Bahn-SC Wuppertal 1"]
[BlackTeam "SG Bochum 2"]

1. e4 e6 2. Qe2 Be7 3. g3 d5 4. d3 Nf6 5. e5 Nfd7 6. Bg2 c5 7. Nf3 O-O 8. O-O
b5 9. a4 b4 10. c4 bxc3 11. bxc3 a5 12. h4 Nc6 13. Bf4 Rb8 14. h5 Rb3 15. Re1
Qb6 16. h6 g6 17. g4 Ba6 18. Nfd2 Rb2 19. Na3 c4 20. dxc4 Bxa3 21. Rxa3 Qc5 22.
Raa1 Rc8 23. Qf3 Bxc4 24. Nxc4 Qxc4 25. Bf1 1/2-1/2

[Event "Bahn-SC Wuppertal 1 - SG Bochum 2"]
[Site "NRW-Klasse, Gruppe 2 2014/201"]
[Date "2015.04.26"]
[Round "9.7"]
[White "Tkachuk, Sergij"]
[Black "Peters, Ortwin"]
[Result "1/2-1/2"]
[WhiteElo "2143"]
[BlackElo "1952"]
[PlyCount "50"]
[EventDate "2015.??.??"]
[WhiteTeam "SG Bochum 2"]
[BlackTeam "Bahn-SC Wuppertal 1"]

1. e4 Nf6 2. e5 Nd5 3. d4 d6 4. c4 Nb6 5. exd6 cxd6 6. Nc3 g6 7. Be3 Bg7 8. Rc1
O-O 9. b3 e6 10. Nf3 Bd7 11. h4 h5 12. Bd3 Nc6 13. Bb1 e5 14. dxe5 Nxe5 15. Ng5
Bc6 16. O-O Qd7 17. f3 Rad8 18. Nd5 Bxd5 19. cxd5 Qb5 20. Be4 Rc8 21. Qd2 Nbd7
22. Rfd1 a5 23. Bc2 Nc5 24. Ne4 Nxe4 25. Bxe4 Rfe8 1/2-1/2

[Event "Bahn-SC Wuppertal 1 - SG Bochum 2"]
[Site "NRW-Klasse, Gruppe 2 2014/201"]
[Date "2015.04.26"]
[Round "9.8"]
[White "Bashilin, Roman"]
[Black "Zeldin, Leonid"]
[Result "1-0"]
[WhiteElo "2201"]
[BlackElo "1999"]
[PlyCount "67"]
[EventDate "2015.??.??"]
[WhiteTeam "Bahn-SC Wuppertal 1"]
[BlackTeam "SG Bochum 2"]

1. d4 d5 2. Nf3 Nf6 3. Bf4 Bf5 4. e3 e6 5. c4 Bxb1 6. Rxb1 Bb4+ 7. Ke2 O-O 8.
c5 Ne4 9. Ne5 g5 10. Bg3 b6 11. a3 Bxa3 12. Qb3 Bxc5 13. dxc5 Nxc5 14. Qc2 f6
15. Nd3 Nxd3 16. Qxd3 Nd7 17. f3 Ne5 18. Qc3 Qd6 19. Kf2 c5 20. Be2 d4 21. exd4
cxd4 22. Bxe5 Qxe5 23. Qd2 Rac8 24. Bd3 Rc5 25. Rbe1 Qd6 26. Qe2 Re8 27. g4 Re7
28. h4 Qf4 29. Qe4 Qxe4 30. Rxe4 e5 31. hxg5 fxg5 32. Rh5 Rg7 33. b4 Rc3 34.
Ke2 1-0

[Event "SF Neuenkirchen 1 - SK Königsspringer I"]
[Site "NRW-Klasse, Gruppe 2 2014/201"]
[Date "2015.04.26"]
[Round "9.1"]
[White "Scheider, Julian"]
[Black "Muschik, Benedikt"]
[Result "1/2-1/2"]
[WhiteElo "2284"]
[BlackElo "2295"]
[Annotator "Hausrath,Daniel"]
[PlyCount "68"]
[EventDate "2015.??.??"]
[WhiteTeam "SK Königsspringer Iserlohn 1"]
[BlackTeam "SF Neuenkirchen 1"]

1. e4 g6 2. d4 Bg7 3. Nc3 d6 4. f4 a6 5. Nf3 b5 6. Bd3 Nd7 7. e5 Bb7 8. Ne4 Nb6
9. O-O Nh6 10. Bd2 Nc4 11. Bxc4 bxc4 12. Qe2 O-O 13. Rfe1 Rb8 14. Bc3 Qd7 $11
15. Ned2 Qf5 16. Nxc4 Qxf4 17. Rf1 Ng4 18. Rae1 Bxf3 19. gxf3 Nh6 20. Ne3 a5
21. Kh1 Nf5 22. Nxf5 Qxf5 23. b3 c5 24. d5 dxe5 25. Qe4 Rbd8 26. Bxa5 Qxe4 27.
fxe4 Ra8 28. Bb6 Rxa2 29. Bxc5 Rc8 30. b4 Bh6 31. Re2 Kf8 32. d6 exd6 33. Bxd6+
Ke8 34. Bxe5 Rcxc2 1/2-1/2

[Event "SF Neuenkirchen 1 - SK Königsspringer I"]
[Site "NRW-Klasse, Gruppe 2 2014/201"]
[Date "2015.04.26"]
[Round "9.2"]
[White "Wilde, Pierre"]
[Black "Schmuecker, Marcus"]
[Result "0-1"]
[WhiteElo "2233"]
[BlackElo "2198"]
[PlyCount "70"]
[EventDate "2015.??.??"]
[WhiteTeam "SF Neuenkirchen 1"]
[BlackTeam "SK Königsspringer Iserlohn 1"]

1. c4 g6 2. g3 c5 3. Bg2 Bg7 4. Nc3 Nc6 5. Nf3 e6 6. d3 Nge7 7. Bg5 h6 8. Bd2
O-O 9. O-O d5 10. Qc1 Kh7 11. Rb1 b6 12. a3 a5 13. Qc2 Ba6 14. b3 Rc8 15. Qa2
Qd6 16. Rfc1 Rfd8 17. Na4 Rb8 18. Be1 f5 19. Qc2 e5 20. cxd5 Nxd5 21. Nb2 Qe7
22. e3 e4 23. dxe4 fxe4 24. Nh4 Re8 25. Rd1 Rbd8 26. Nc4 Bc8 27. Rxd5 Rxd5 28.
Nxb6 Rdd8 29. Nxc8 Rxc8 30. Rc1 c4 31. bxc4 Qxa3 32. Rb1 Qd3 33. Qa2 Nb4 34.
Bxb4 axb4 35. Rxb4 Ra8 0-1

[Event "SF Neuenkirchen 1 - SK Königsspringer I"]
[Site "NRW-Klasse, Gruppe 2 2014/201"]
[Date "2015.04.26"]
[Round "9.3"]
[White "Kramps, Rene"]
[Black "Hachmeister, Dirk"]
[Result "0-1"]
[WhiteElo "2039"]
[BlackElo "2171"]
[Annotator "Hausrath,Daniel"]
[PlyCount "76"]
[EventDate "2015.??.??"]
[WhiteTeam "SK Königsspringer Iserlohn 1"]
[BlackTeam "SF Neuenkirchen 1"]

1. e4 c5 2. Nc3 a6 3. f4 b5 4. Nf3 Bb7 5. d3 g6 6. Be2 b4 7. Nb1 Bg7 8. O-O Nf6
9. a3 O-O 10. c4 d6 11. Qe1 Nc6 12. Kh1 e6 13. Qh4 Nd7 14. Qh3 Qe7 15. Nbd2 f5
16. Ra2 Nf6 17. b3 Rae8 18. Bb2 bxa3 19. Bxa3 h6 20. Nh4 Qf7 21. e5 $11 dxe5
22. Bxc5 exf4 23. Bxf8 Bxf8 24. Nhf3 g5 25. Ne1 e5 26. Bd1 Kg7 27. b4 Bxb4 28.
Ba4 g4 29. Qh4 Bc5 30. Nb3 Bb6 31. Nc2 Rd8 32. Qe1 Qh5 33. c5 g3 34. h3 Nd4 35.
Kg1 Ne2+ 36. Qxe2 Qxe2 37. Nb4 Bxc5+ 38. Nxc5 Qe3+ 0-1

[Event "SF Neuenkirchen 1 - SK Königsspringer I"]
[Site "NRW-Klasse, Gruppe 2 2014/201"]
[Date "2015.04.26"]
[Round "9.4"]
[White "Buendgen, Achim"]
[Black "Franke, Thomas"]
[Result "1/2-1/2"]
[WhiteElo "2152"]
[BlackElo "2076"]
[Annotator "Hausrath,Daniel"]
[PlyCount "110"]
[EventDate "2015.??.??"]
[WhiteTeam "SF Neuenkirchen 1"]
[BlackTeam "SK Königsspringer Iserlohn 1"]

1. e4 c5 2. b3 Nc6 3. Bb2 e6 4. Nf3 a6 5. d4 cxd4 6. Nxd4 Nf6 7. Nxc6 bxc6 8.
e5 Qa5+ 9. Bc3 Bb4 10. Bxb4 Qxb4+ 11. c3 Qe4+ 12. Qe2 Qxe2+ 13. Bxe2 Nd5 14. c4
Nf4 15. g3 Ng6 16. f4 f6 17. exf6 gxf6 18. c5 a5 19. Nc3 Ba6 $11 20. Bxa6 Rxa6
21. O-O-O Ne7 22. Rd6 Nf5 23. Rd3 Rg8 24. Rhd1 Ra7 25. Ne4 Ke7 26. g4 Rxg4 27.
Rxd7+ Rxd7 28. Rxd7+ Kxd7 29. Nxf6+ Kc7 30. Nxg4 Ne7 31. Nf6 Ng6 32. Nxh7 Nxf4
33. Kd2 Kd7 34. Ke3 Nd5+ 35. Kd4 Nb4 36. a4 Na6 37. h4 e5+ 38. Kc4 Ke6 39. Ng5+
Kf5 40. Nf3 Nb4 41. h5 e4 42. Ne1 Kg5 43. Kd4 Na6 44. Nc2 Kxh5 45. Na1 Kg6 46.
Kxe4 Kf6 47. Kd4 Nb4 48. Ke4 Ke6 $11 49. Kd4 Kf5 50. Kc3 Ke5 51. Nc2 Nxc2 52.
Kxc2 Kd4 53. Kd2 Kxc5 54. Kc3 Kd5 55. Kd3 Kc5 1/2-1/2

[Event "SF Neuenkirchen 1 - SK Königsspringer I"]
[Site "NRW-Klasse, Gruppe 2 2014/201"]
[Date "2015.04.26"]
[Round "9.5"]
[White "Messarius, Juergen"]
[Black "Haves, Reinhard"]
[Result "1-0"]
[WhiteElo "2131"]
[BlackElo "2124"]
[PlyCount "85"]
[EventDate "2015.??.??"]
[WhiteTeam "SK Königsspringer Iserlohn 1"]
[BlackTeam "SF Neuenkirchen 1"]

1. e4 d6 2. d4 g6 3. Nc3 Bg7 4. Be3 Nc6 5. Qd2 Nf6 6. f3 Nd7 7. O-O-O Nb6 8. h4
h5 9. f4 Bg4 10. Nf3 e6 11. Re1 Bxf3 12. gxf3 e5 13. d5 exf4 14. Bxb6 axb6 15.
dxc6 bxc6 16. Kb1 Qe7 17. Qxf4 Ra5 18. Bc4 Be5 19. Qd2 Qf6 20. f4 Bxf4 21. Ref1
Bxd2 22. Rxf6 Bxc3 23. bxc3 Rf8 24. Rhf1 g5 25. hxg5 Rxg5 26. R6f5 f6 27. Rxf6
Rxf6 28. Rxf6 Rg4 29. Be2 Rg1+ 30. Kb2 h4 31. Rh6 Rg2 32. Ba6 Rg4 33. Bb7 Kf8
34. Bxc6 Kg7 35. Rh5 Kg6 36. Rf5 h3 37. Be8+ Kg7 38. Rh5 Rxe4 39. Bd7 Re5 40.
Rxe5 dxe5 41. Bxh3 e4 42. Kc1 Kf6 43. Kd2 1-0

[Event "SF Neuenkirchen 1 - SK Königsspringer I"]
[Site "NRW-Klasse, Gruppe 2 2014/201"]
[Date "2015.04.26"]
[Round "9.6"]
[White "Seegers, Hendrik"]
[Black "Klauke, Stefan"]
[Result "1-0"]
[WhiteElo "2131"]
[BlackElo "2081"]
[PlyCount "71"]
[EventDate "2015.??.??"]
[WhiteTeam "SF Neuenkirchen 1"]
[BlackTeam "SK Königsspringer Iserlohn 1"]

1. d4 d5 2. Nf3 Nc6 3. Bf4 Bg4 4. Nbd2 e6 5. c3 Bd6 6. Bg5 Nge7 7. e4 h6 8. Bh4
dxe4 9. Nxe4 O-O 10. h3 Bf5 11. Bd3 Qd7 12. Qd2 Bxe4 13. Bxe4 Nd5 14. O-O Be7
15. Bg3 Rfd8 16. Rad1 Bd6 17. Bc2 Bxg3 18. fxg3 Qd6 19. Qf2 Nf6 20. g4 Qd5 21.
Rde1 Rf8 22. Qh4 Nh7 23. Bxh7+ Kxh7 24. g5 f6 25. gxh6 gxh6 26. b3 Rae8 27. c4
Qd7 28. Qe4+ f5 29. Qh4 Qg7 30. Re2 Rg8 31. Rfe1 e5 32. Qh5 Nxd4 33. Nxd4 exd4
34. Qxe8 Rxe8 35. Rxe8 Kg6 36. R1e7 1-0